| 000 | 01407cam a22002415a 4500 | ||
|---|---|---|---|
| 001 | L158046 | ||
| 008 | 130613s2013 xxk f 000 0 eng d | ||
| 020 | _a9781848063532 | ||
| 035 | _a(Sirsi) u158046 | ||
| 041 | 0 | _aeng | |
| 100 | 1 | _aDunster, Andrew | |
| 110 | 2 | _aBuilding Research Establishment | |
| 245 | 0 | 0 | _aCritical materials and material security in the construction industry and its supply chains |
| 260 |
_aWatford _bBRE _c2013 |
||
| 300 |
_a8p. _bill. _c30cm. |
||
| 490 | 0 |
_aBRE Information Paper _v(14/13) |
|
| 520 | _aThis Information Paper summarises the main current issues of material security and materials criticality that may affect the UK construction industry. It also defines the terminology used in this subject and lists sources of further information. The Information Paper will interest procurement professionals, sustainability managers and anyone with an interest in corporate social responsibility, design, materials selection and in the management of business risks associated with procurement of materials and products. It will also interest surveyors involved in evaluating existing buildings. Production of the paper was financially supported by the BRE Trust Responsive Research Programme. | ||
| 521 | _aAdvanced | ||
| 650 | 2 | 4 | _aBUILT ENVIRONMENT-BUILDING MATERIALS |
| 651 | 4 | _aENGLAND AND WALES | |
| 690 | _aBUILT ENVIRONMENT-BUILDING MATERIALS | ||
| 942 | _n0 | ||
| 999 |
_c115100 _d115100 |
||